[Event "II. CLANSKA LIGA ZAHOD 2024"]
[Site "Komenda"]
[Date "2024.11.15"]
[Round "1.5"]
[White "Praznik, Nikolaj"]
[Black "Orel Music, Simona"]
[Result "0-1"]
[WhiteElo "1517"]
[BlackElo "1947"]
[PlyCount "94"]
[EventDate "2024.11.15"]
[WhiteTeam "SD VRHNIKA"]
[BlackTeam "DRUSTVO TOMO ZUPAN"]

1. e4 c6 2. d4 d5 3. e5 Bf5 4. Bd3 Bxd3 5. Qxd3 Qa5+ 6. Qd2 Qxd2+ 7. Bxd2 e6 8.
Nc3 Nd7 9. Nf3 a6 10. O-O c5 11. dxc5 Bxc5 12. a3 Ne7 13. b4 Ba7 14. Rfe1 O-O
15. Be3 Bxe3 16. Rxe3 Rac8 17. Rc1 Rc7 18. Na4 b5 19. Nb2 Rfc8 20. Re2 Ng6 21.
Nd4 Ndxe5 22. a4 Nc6 23. Nxc6 Rxc6 24. a5 Rc3 25. Nd3 Rxd3 26. Re3 Rxe3 27.
fxe3 Ne5 28. Kf2 Nd3+ 29. Kf3 Nxc1 30. Kf4 Rxc2 31. Ke5 Nd3+ 32. Kd6 Nxb4 33.
g4 Nc6 34. h4 Nxa5 35. h5 b4 36. g5 b3 37. h6 b2 38. hxg7 b1=Q 39. g6 hxg6 40.
e4 dxe4 41. Ke7 Rc7+ 42. Kf6 Qb2+ 43. Kg5 Kxg7 44. Kf4 e3 45. Kxe3 Rc3+ 46. Ke4
Qb4+ 47. Ke5 Re3# 0-1